00545nam a2200169 a 4500008004100000020001800041050001400059100002000073245009400093250001100187260003900198300002000237650003700257650002300294650003500317650002300352170518s2016 ||||||||||||||||| || u a9780323265416 aRC 76 Jar aJarvis, Carolyn10aLaboratory manual: plysical examination and health assessment.(7th ed)cBy Carolyn Jarvis a7th ed aSt. Louis MissouribElsevierc2016 avii, 312p.: ill aMEDICAL HISTORY TAKING --METHODS 0aNURSING ASSESSMENT aPHYSICAL EXAMINATIONS--METHODS 0aPHYSICAL DIAGNOSIS